"Albergo Diffuso" Model for the Analysis of Customer Satisfaction

Hodnotenie úrovne spokojnosti zákazníkov, ktorí strávili časť svojej dovolenky ekologickým spôsobom. Inovatívna forma pohostinnosti, predstavovaná modelom „Albergo Diffuso“. Nový model cestovného ruchu, rozšírený v Taliansku a ďalších častiach sveta. Prepojenie medzi týmto modelom trvalo udržateľnéh...

Description complète

Enregistré dans:
Détails bibliographiques
Auteur principal: Gazzola, Patrizia
Autres auteurs: Grechi, Daniele, Pavione, Enrica, Ossola, Paola
Format: Chapitre de livre
Langue:anglais
Sujets:
Tags: Ajouter un tag
Pas de tags, Soyez le premier à ajouter un tag!

MARC

LEADER 00000naa a2200000 4500
001 0258949
005 20191015115720.2
041 0 |a eng 
044 |a PT 
245 1 0 |a "Albergo Diffuso" Model for the Analysis of Customer Satisfaction  |c Patrizia Gazzola, Daniele Grechi, Enrica Pavione, Paola Ossola 
520 |a Hodnotenie úrovne spokojnosti zákazníkov, ktorí strávili časť svojej dovolenky ekologickým spôsobom. Inovatívna forma pohostinnosti, predstavovaná modelom „Albergo Diffuso“. Nový model cestovného ruchu, rozšírený v Taliansku a ďalších častiach sveta. Prepojenie medzi týmto modelom trvalo udržateľného cestovného ruchu a spokojnosťou zákazníkov založené na koncepciách, ktoré súvisia s udržateľnosťou a životným prostredím vo vidieckej destinácii. 
610 2 0 |a ruch cestovný vidiecky 
610 2 0 |a ruch cestovný 
610 2 0 |a turistika 
610 2 0 |a zákazníci 
610 2 0 |a ekológia 
610 2 0 |a prostredie životné 
610 2 0 |a inovácie environmentálne 
610 2 0 |a inovácia 
100 1 |a Gazzola, Patrizia 
700 1 |a Grechi, Daniele 
700 1 |a Pavione, Enrica 
700 1 |a Ossola, Paola